00279nam a2200109Ia 4500003000400000008004100004082000900045100001600054245004200070260004700112300001000159OSt201107b ||||| |||| 00| 0 eng d a004  aYADAV, D S. aFoundation of Information Technology  aN.Delhib New Age International Pubc 2006 a 463.